1556 1947 1799 1812 1159 1480 1296 1403 1697 1308 1154 1370 1837 1241 1793 1071 1699 1773 1922 1593 1596 1229 1285 1723 1947 1768 1427 1615 1983 1526 1382 1122 1615 1579 1479 1617 1243 1968 1479 1510 1721 1527 1417 1412 1998 1173 1535 1460 1191 1687 1211 1746 1149 1983 1403 1054 1772 1273 1724 1588 1624 1100 1057 1309 1601 1919 1299 1266 1377 1077 1742 1905 1714 1702 1863 1158 1050 1645 1821 1356 1949 1232 1939 1697 1748 1095 1906 1002 1177 1057 1995 1526 1475 1153 1124 1718 1785 1321 1449 BCNSPRNW ULIB Ver.6.0+V

เปลี่ยนเป็นภาษาไทย

Change to English
 แสดงรายละเอียดบรรณานุกรม
  กลับหน้าหลัก

Brief Record : Get Marc (ISO 2709) : E-mail record : QR code < ปิดหน้าต่าง
LEADER : 00000nam 2200000uu 4500
001    13399124775
003     ULIB
008    160316s2558||||th 000 0 tha d
060  4 ^aQV38^bค161
110 1  ^aคณะกรรมการ เภสัชกรรมและการบำบัด โรงพยาบาลสวรรค์ประชารักษ์
245 00 ^aคู่มือการใช้ยา ที่มีความเสี่ยงสูง/^cคณะกรรมการ เภสัชกรรมและการบำบัด โรงพยาบาลสวรรค์ประชารักษ์
246 0  ^aHigh alert medications
260    ^aนครสวรรค์: ^bโรงพยาบาลสวรรค์ประชารักษ์ นครสวรรค์,^c2558
300    ^a79 หน้า
650  7 ^aยาที่มีความเสี่ยงสูง
650  7 ^aHigh alert medications
710 1  ^aคณะกรรมการ เภสัชกรรมและการบำบัด โรงพยาบาลสวรรค์ประชารักษ์
945    ^p0^l0^i23286
945    ^p0^l0^i23287
945    ^p0^l0^i23288
999    ^aทศพร เกษรทอง
รายการนี้ยังไม่มีแท็ก
คุณยังไม่ได้ล็อกอิน คุณสามารถมีกิจกรรมร่วมกับเว็บไซต์ได้ แต่ต้องล็อกอินก่อน ::
  ล็อกอิน

รายการสื่อสารสนเทศ

ลำดับที่ ประเภท เลขเรียก/บาร์โค้ด สถานที่ สถานะ
1. วิทยาศาสตร์การแพทย์ และสุขภาพ
วิทยาศาสตร์การแพทย์ และสุขภาพ
สถานะ=หนังสือเก่า
QV38 ค161 ฉ.1 
  Barcode: 23286
ห้องสมุดวิทยาเขตนครสวรรค์
►ส่วนจัดเก็บหนังสือเก่า นว.
บนชั้น
  ขอยืม
2. วิทยาศาสตร์การแพทย์ และสุขภาพ
วิทยาศาสตร์การแพทย์ และสุขภาพ
สถานะ=หนังสือเก่า
QV38 ค161 ฉ.2 
  Barcode: 23287
ห้องสมุดวิทยาเขตนครสวรรค์
►ส่วนจัดเก็บหนังสือเก่า นว.
บนชั้น
  ขอยืม
3. วิทยาศาสตร์การแพทย์ และสุขภาพ
วิทยาศาสตร์การแพทย์ และสุขภาพ
สถานะ=หนังสือเก่า
QV38 ค161 ฉ.3 
  Barcode: 23288
ห้องสมุดวิทยาเขตนครสวรรค์
►ส่วนจัดเก็บหนังสือเก่า นว.
บนชั้น
  ขอยืม

รายการใกล้เคียง
    หัวเรื่อง [ยาที่มีความเสี่ยงสูง]
    หัวเรื่อง [High alert medications]

BibComment


ยังไม่เคยถูกคอมเมนท์

คอมเมนท์ทรัพยากรรายการนี้
  คอมเมนท์: คู่มือการใช้ยา ท..


 Copyright 2026. Bcnsprnw @Library